[Event "Geraardsbergen op"]
[Site "Geraardsbergen"]
[Date "2003.08.17"]
[Round "7"]
[White "Bleyaert, Tom"]
[Black "Khonghaloos, Zorik"]
[Result "0-1"]
[WhiteElo "1511"]
[BlackElo "1688"]
[PlyCount "37"]
[EventDate "2003.08.??"]
[EventType "swiss"]
[EventRounds "7"]
[EventCountry "BEL"]
[SourceTitle "EXT 2005"]
[Source "ChessBase"]
[SourceDate "2004.11.15"]
[SourceVersion "1"]
[SourceVersionDate "2004.11.15"]
[SourceQuality "1"]

1. e4 e5 2. Nf3 Nf6 3. Bc4 Nxe4 4. Qe2 d5 5. Bb3 Bc5 6. 0-0 0-0 7. Nxe5 Re8 8. Qh5 Qf6 9. Nd3 Bxf2+ 10. Nxf2 Nxf2 11. Bxd5 g6 12. Qf3 Qxf3 13. Bxf3 Ne4 14. d3 Nd6 15. Nc3 c6 16. Bf4 Nf5 17. Rfe1 Be6 18. Ne4 Nd7 19. Ng5 0-1

[Event "Geraardsbergen op"]
[Site "Geraardsbergen"]
[Date "2003.08.17"]
[Round "1"]
[White "Buytaert, Kristof"]
[Black "Khonghaloos, Zorik"]
[Result "1-0"]
[WhiteElo "2172"]
[BlackElo "1688"]
[PlyCount "63"]
[EventDate "2003.08.??"]
[EventType "swiss"]
[EventRounds "7"]
[EventCountry "BEL"]
[SourceTitle "EXT 2005"]
[Source "ChessBase"]
[SourceDate "2004.11.15"]
[SourceVersion "1"]
[SourceVersionDate "2004.11.15"]
[SourceQuality "1"]

1. e4 e5 2. Nc3 Nc6 3. f4 exf4 4. Nf3 Bb4 5. Nd5 Nf6 6. Nxb4 Nxb4 7. d3 d6 8. Bxf4 Bg4 9. Be2 h6 10. Nd4 Nh5 11. Be3 Bxe2 12. Qxe2 Qh4+ 13. Kd2 g6 14. Raf1 Qe7 15. Rf2 0-0-0 16. Rhf1 Rdf8 17. Nb5 a6 18. Nc3 Qd7 19. a3 Nc6 20. Nd5 Ne5 21. Bd4 Qe6 22. Bxe5 dxe5 23. g4 Ng7 24. Rf6 Qd7 25. Qf2 Qxg4 26. Qa7 Kd8 27. Qxb7 Ne8 28. Rxa6 Qg2+ 29. Kc3 Qxf1 30. Ra8+ Kd7 31. Qc8+ Kd6 32. Ra6+ 1-0